Občianske združenie Vzdelávanie - Veda - Výskum

Na základe návrhu prípravného výboru zaregistrovalo Ministerstvo vnútra SR dňa 2. 9. 2011 Občianske združenie Vzdelávanie - veda - výskum, ktorého činnosť bude zameraná na podporu rozvoja vzdelávania, vedy a výskumu.

Salvato in:
Dettagli Bibliografici
Autore principale: Brixová, Janette
Altri autori: Grell, Michal
Natura: Capitolo di libro
Lingua:slovacco
Soggetti:
Tags: Aggiungi Tag
Nessun Tag, puoi essere il primo ad aggiungerne!!

MARC

LEADER 00000naa a2200000 4500
001 0148602
005 20240502072655.2
041 0 |a slo 
044 |a SK 
245 1 0 |a Občianske združenie Vzdelávanie - Veda - Výskum  |c Janette Brixová, Michal Grell 
520 |a Na základe návrhu prípravného výboru zaregistrovalo Ministerstvo vnútra SR dňa 2. 9. 2011 Občianske združenie Vzdelávanie - veda - výskum, ktorého činnosť bude zameraná na podporu rozvoja vzdelávania, vedy a výskumu. 
610 2 0 |a združenia 
610 2 0 |a organizácie neziskové 
610 2 0 |a akcie odborné medzinárodné 
610 2 0 |a granty 
610 2 0 |a vzdelávanie 
610 2 0 |a veda 
610 2 0 |a výskum 
100 1 |a Brixová, Janette 
700 1 |a Grell, Michal